[Event "Int. Stuttgarter Stadtmeisterschaft A"]
[Site "Ditzingen"]
[Date "2016.05.07"]
[Round "6.42"]
[White "Wirth, Steffen"]
[Black "Schmidt, Markus"]
[Result "1/2-1/2"]
[WhiteElo "2001"]
[BlackElo "1901"]
[PlyCount "55"]
[EventDate "2016.??.??"]
[WhiteTeam "SSV Zuffenhausen"]
[BlackTeam "Stuttgarter SF"]

1. d4 Nf6 2. Nf3 g6 3. e3 Bg7 4. Bd3 c5 5. c3 b6 6. dxc5 bxc5 7. e4 Bb7 8. Qe2
O-O 9. O-O d6 10. Bg5 h6 11. Bf4 e5 12. Bg3 Nh5 13. Bc4 Nxg3 14. hxg3 Qb6 15.
Rd1 Ba6 16. Na3 Bb7 17. Rd2 Rd8 18. Nh4 Rd7 19. Rad1 Na6 20. Nxg6 d5 21. Nh4 d4
22. Nf5 Rad8 23. Qg4 Qf6 24. Nb5 Bc8 25. Nxg7 Qxg7 26. Qxg7+ Kxg7 27. Bd5 Nc7
28. Nxc7 1/2-1/2

[Event "Int. Stuttgarter Stadtmeisterschaft A"]
[Site "Ditzingen"]
[Date "2016.05.08"]
[Round "7.1"]
[White "Ikonnikov, Vyacheslav"]
[Black "Teske, Henrik"]
[Result "1/2-1/2"]
[WhiteElo "2545"]
[BlackElo "2487"]
[PlyCount "71"]
[EventDate "2016.??.??"]
[WhiteTeam "SF Bad Mergentheim"]
[BlackTeam "SC Remagen"]

1. d4 Nf6 2. Nf3 d5 3. c4 dxc4 4. e3 e6 5. Bxc4 a6 6. O-O c5 7. b3 b5 8. Be2
Nbd7 9. a4 bxa4 10. bxa4 Bb7 11. Nbd2 Be7 12. Nc4 Ne4 13. Bb2 O-O 14. Nfe5 Rb8
15. Nxd7 Qxd7 16. f3 Nf6 17. dxc5 Bxc5 18. Ba3 Bxa3 19. Qxd7 Nxd7 20. Rxa3 Bd5
21. e4 Bxc4 22. Bxc4 Rb6 23. Rd1 Ne5 24. Bf1 g5 25. Rc3 Kg7 26. Rc7 Ra8 27. a5
Rc6 28. Rc1 Rd6 29. Rb1 Rc6 30. Rbb7 Kf6 31. Kf2 Rc8 32. Rxc8 Rxc8 33. Rb6 Rc5
34. Rxa6 Nc6 35. g3 Nxa5 36. h4 1/2-1/2

[Event "Int. Stuttgarter Stadtmeisterschaft A"]
[Site "Ditzingen"]
[Date "2016.05.08"]
[Round "7.2"]
[White "Ivanisevic, Ivan"]
[Black "Kabisch, Thilo"]
[Result "1-0"]
[WhiteElo "2646"]
[BlackElo "2309"]
[PlyCount "93"]
[EventDate "2016.??.??"]
[BlackTeam "SK Schmiden/Cannstatt"]

1. d4 Nf6 2. c4 g6 3. Nc3 Bg7 4. e4 d6 5. h3 O-O 6. Bg5 c5 7. d5 e6 8. Bd3 Re8
9. Nf3 exd5 10. cxd5 h6 11. Be3 c4 12. Bc2 b5 13. a3 a6 14. O-O Nbd7 15. Qd2
Kh7 16. Rad1 Bb7 17. Rfe1 Rc8 18. Bd4 Nh5 19. Bxg7 Kxg7 20. Ne2 Nc5 21. g4 Nf6
22. Ng3 Nfd7 23. Nd4 Kh7 24. f4 Qf6 25. Qf2 Kg8 26. Re2 Re7 27. Kh2 Nd3 28.
Bxd3 cxd3 29. Rxd3 Nc5 30. Rf3 Rce8 31. e5 dxe5 32. fxe5 Qg5 33. Rc3 Na4 34.
Nf3 Nxc3 35. Nxg5 Nxe2 36. N5e4 Nxg3 37. Nf6+ Kg7 38. Nxe8+ Rxe8 39. Qf6+ Kg8
40. e6 fxe6 41. Qxg6+ Kf8 42. Qxh6+ Kf7 43. Qh7+ Kf6 44. Qxb7 Nf1+ 45. Kg1 Ne3
46. Qc6 Kf7 47. Qd7+ 1-0

[Event "Int. Stuttgarter Stadtmeisterschaft A"]
[Site "Ditzingen"]
[Date "2016.05.08"]
[Round "7.3"]
[White "Maiorov, Nikita"]
[Black "Kröger, Fabian"]
[Result "1-0"]
[WhiteElo "2538"]
[BlackElo "2170"]
[PlyCount "57"]
[EventDate "2016.??.??"]
[BlackTeam "SC Kreut"]

1. d4 Nf6 2. c4 g6 3. Nf3 Bg7 4. g3 O-O 5. Bg2 d6 6. O-O Nbd7 7. Qc2 e5 8. Rd1
exd4 9. Nxd4 Re8 10. Nc3 h6 11. e4 Ne5 12. Qe2 Bg4 13. f3 Bd7 14. Be3 a6 15. b3
Nh7 16. Qd2 h5 17. Rf1 c5 18. Nde2 b5 19. Qxd6 Bf8 20. Qd2 bxc4 21. f4 Ng4 22.
bxc4 Bc6 23. Nd5 Nxe3 24. Qxe3 Bxd5 25. cxd5 Nf6 26. e5 Nxd5 27. Qe4 Nb6 28. f5
Kg7 29. fxg6 1-0

[Event "Int. Stuttgarter Stadtmeisterschaft A"]
[Site "Ditzingen"]
[Date "2016.05.08"]
[Round "7.4"]
[White "Baenziger, Fabian"]
[Black "Karimi, Farhad"]
[Result "1-0"]
[WhiteElo "2248"]
[BlackElo "2095"]
[PlyCount "105"]
[EventDate "2016.??.??"]
[BlackTeam "Satranç Club"]

1. Nf3 c5 2. g3 Nc6 3. d4 cxd4 4. Nxd4 e5 5. Nxc6 dxc6 6. Qxd8+ Kxd8 7. Bg2 Bf5
8. e4 Be6 9. O-O Bc5 10. Nd2 Kc7 11. Nb3 Bb6 12. Bd2 a5 13. Bc3 f6 14. Nd2 Ne7
15. h4 Rad8 16. Rfe1 a4 17. Bf1 Bd4 18. Nb1 b5 19. a3 Kb6 20. Bxd4+ Rxd4 21.
Nc3 Rhd8 22. Bd3 Bg4 23. Re3 Nc8 24. Kh2 Nd6 25. f3 Bh5 26. Rg1 Nc4 27. Bxc4
Rxc4 28. g4 Bg6 29. Rg2 Rcd4 30. Ree2 Bf7 31. g5 Bh5 32. Ref2 f5 33. exf5 Rxh4+
34. Kg3 Rf4 35. Rh2 g6 36. f6 h6 37. gxh6 Rxf6 38. f4 Rf5 39. Ne4 Rh8 40. fxe5
Rxe5 41. Nf6 Rg5+ 42. Kh4 Rg1 43. h7 Bd1 44. Rfg2 Rf1 45. Kg5 Bh5 46. Rf2 Re1
47. Kh6 Re7 48. Rh1 Kb7 49. Rff1 Kc8 50. Re1 Rhxh7+ 51. Nxh7 Rf7 52. Rhf1 Rd7
53. Nf6 1-0

[Event "Int. Stuttgarter Stadtmeisterschaft A"]
[Site "Ditzingen"]
[Date "2016.05.08"]
[Round "7.5"]
[White "Denisow, Jewgeny"]
[Black "Tuncer, Ufuk"]
[Result "0-1"]
[WhiteElo "2222"]
[BlackElo "2292"]
[PlyCount "96"]
[EventDate "2016.??.??"]
[WhiteTeam "SG Schwäbisch Gmünd"]
[BlackTeam "SK Sontheim/Brenz"]

1. e4 c5 2. d4 cxd4 3. c3 dxc3 4. Nxc3 Nc6 5. Nf3 e6 6. Bc4 a6 7. O-O b5 8. Bb3
Nge7 9. Bg5 h6 10. Bh4 g5 11. Nd5 Nxd5 12. exd5 gxh4 13. dxc6 dxc6 14. Qxd8+
Kxd8 15. Ne5 Ke7 16. Nxc6+ Kf6 17. Rac1 Rg8 18. Rfd1 Rg5 19. Rd4 Bc5 20. Rf4+
Kg7 21. Nd8 Ra7 22. Bd1 Rd7 23. b4 Rxd8 24. bxc5 Rxc5 25. Ra1 h3 26. gxh3 Bb7
27. a4 Rd3 28. axb5 axb5 29. Be2 Rg5+ 30. Kf1 Rb3 31. h4 Rc5 32. Bd1 Rd3 33.
Be2 Rdc3 34. f3 Rc1+ 35. Rxc1 Rxc1+ 36. Kf2 Rc5 37. Ke3 Re5+ 38. Kd2 Bc6 39.
Bd3 f5 40. Be2 Kf6 41. Rb4 Rd5+ 42. Kc3 e5 43. f4 Rc5+ 44. Kd2 exf4 45. Rxf4
Be4 46. Rf1 b4 47. Ra1 b3 48. Ra6+ Ke5 0-1

[Event "Int. Stuttgarter Stadtmeisterschaft A"]
[Site "Ditzingen"]
[Date "2016.05.08"]
[Round "7.6"]
[White "Niklasch, Oliver"]
[Black "Jussupow, Nadia"]
[Result "0-1"]
[WhiteElo "2319"]
[BlackElo "2106"]
[PlyCount "46"]
[EventDate "2016.??.??"]
[WhiteTeam "SK Schmiden/Cannstatt"]
[BlackTeam "SK Krumbach"]

1. c4 g6 2. g3 Bg7 3. Bg2 d6 4. Nc3 e5 5. d3 Nf6 6. Nf3 O-O 7. O-O Nbd7 8. Bd2
h6 9. b4 Re8 10. Qc2 Nf8 11. Rac1 c6 12. Rfe1 Bd7 13. Qb3 Ne6 14. e3 Nh7 15.
Ne4 Qe7 16. c5 d5 17. Nd6 Reb8 18. e4 d4 19. Nc4 b6 20. cxb6 Nd8 21. bxa7 Rxa7
22. Qc2 c5 23. bxc5 Ba4 0-1

[Event "Int. Stuttgarter Stadtmeisterschaft A"]
[Site "Ditzingen"]
[Date "2016.05.08"]
[Round "7.7"]
[White "Braun, Joachim"]
[Black "Flick, Antoine"]
[Result "1/2-1/2"]
[WhiteElo "2165"]
[BlackElo "2319"]
[PlyCount "148"]
[EventDate "2016.??.??"]
[WhiteTeam "SF Birkenfeld"]
[BlackTeam "SC Heitersheim"]

1. e4 c5 2. Nf3 Nc6 3. Bb5 d6 4. Bxc6+ bxc6 5. O-O e5 6. d3 Be7 7. Nbd2 f5 8.
exf5 Bxf5 9. Ne4 Qd7 10. Be3 Nf6 11. Ng3 O-O 12. Nxf5 Qxf5 13. Ng5 Rab8 14. b3
Qg6 15. Bd2 Nh5 16. Nh3 Rf7 17. Qe2 Rbf8 18. Qe4 Qxe4 19. dxe4 h6 20. f3 Nf6
21. Rad1 Bd8 22. Nf2 Bc7 23. Be3 Rd7 24. Nd3 Rb8 25. Nb2 Kf7 26. Rd3 Ke6 27.
Rfd1 Rb7 28. Na4 Bb6 29. Kf2 Rb8 30. Ke2 Ke7 31. Bf2 Ba5 32. Nb2 Ke6 33. Nc4
Bc7 34. Nb2 Rdd8 35. Be3 Rd7 36. Bf2 Rf8 37. Na4 Rfd8 38. Be3 Ke7 39. Nb2 Rg8
40. Nc4 Ke6 41. Nb2 Rdd8 42. R3d2 Rgf8 43. Rd3 Ng8 44. R3d2 Ne7 45. Rd3 Ng6 46.
g3 Bb6 47. Na4 Bc7 48. Nb2 Ne7 49. Bf2 Ng8 50. Be3 Nf6 51. Bf2 Rh8 52. Be3 Ke7
53. R3d2 Rhf8 54. Rd3 Rf7 55. R1d2 Rd7 56. Rd1 Ke6 57. Na4 Ke7 58. Nb2 Rf8 59.
R1d2 Rg8 60. Rd1 Rdd8 61. R1d2 Nh7 62. Rd1 Nf8 63. c3 Nh7 64. f4 exf4 65. gxf4
Nf6 66. e5 dxe5 67. Bxc5+ Ke6 68. fxe5 Ne4 69. Bd6 Nxd6 70. exd6 Rxd6 71. Re3+
Kd7 72. Rf1 Rf6 73. Rd1+ Rd6 74. Rf1 Rf6 1/2-1/2

[Event "Int. Stuttgarter Stadtmeisterschaft A"]
[Site "Ditzingen"]
[Date "2016.05.08"]
[Round "7.8"]
[White "Shahin, Walid"]
[Black "Dudek, Richard"]
[Result "0-1"]
[WhiteElo "2140"]
[BlackElo "2230"]
[PlyCount "94"]
[EventDate "2016.??.??"]
[WhiteTeam "SK Weilheim"]
[BlackTeam "SC Eppingen"]

1. d4 Nf6 2. c4 e6 3. Nf3 b6 4. a3 Bb7 5. Nc3 Be7 6. e3 O-O 7. Bd3 d5 8. O-O
dxc4 9. Bxc4 Nbd7 10. Qc2 c5 11. Rd1 Qc7 12. Ba2 a6 13. e4 cxd4 14. Nxd4 Rac8
15. Bg5 Bc5 16. Bh4 e5 17. Nf5 g6 18. Nh6+ Kg7 19. Ng4 Bd4 20. Nxf6 Nxf6 21.
Bxf6+ Kxf6 22. Rac1 Kg7 23. Qd2 Qd6 24. Kh1 Rfd8 25. f3 b5 26. Bd5 Qb6 27. Qe2
Bxc3 28. Bxb7 Rxd1+ 29. Qxd1 Qxb7 30. Rxc3 Rxc3 31. bxc3 Qc6 32. Qc1 Qc5 33.
Qb2 Kf6 34. h3 h5 35. h4 Qe3 36. Kh2 Qe1 37. Kh3 Qh1+ 38. Kg3 Qe1+ 39. Kh3 g5
40. hxg5+ Kxg5 41. Kh2 Kf4 42. Qb4 Qh4+ 43. Kg1 Kg3 44. Qc5 Qh2+ 45. Kf1 Qxg2+
46. Ke1 Qh1+ 47. Kd2 Qxf3 0-1

[Event "Int. Stuttgarter Stadtmeisterschaft A"]
[Site "Ditzingen"]
[Date "2016.05.08"]
[Round "7.9"]
[White "Lüdke, Joshua"]
[Black "Schmidt, Tobias"]
[Result "1/2-1/2"]
[WhiteElo "1934"]
[BlackElo "2221"]
[PlyCount "52"]
[EventDate "2016.??.??"]
[WhiteTeam "SV Marbach"]
[BlackTeam "SC Erdmannhausen"]

1. Nf3 Nf6 2. c4 e6 3. Nc3 d5 4. d4 dxc4 5. Qa4+ Nbd7 6. e4 Be7 7. g3 O-O 8.
Qxc4 a6 9. Qb3 b5 10. e5 Ne8 11. Bg2 Bb7 12. O-O c5 13. d5 c4 14. Qd1 exd5 15.
Nxd5 Nc5 16. Nxe7+ Qxe7 17. Bg5 f6 18. exf6 Nxf6 19. Re1 Qd7 20. Bxf6 Qxd1 21.
Raxd1 Rxf6 22. Ne5 Bxg2 23. Kxg2 Re6 24. f4 Rae8 25. h4 Na4 26. Rd2 g6 1/2-1/2

[Event "Int. Stuttgarter Stadtmeisterschaft A"]
[Site "Ditzingen"]
[Date "2016.05.08"]
[Round "7.10"]
[White "Krockenberger, Martin"]
[Black "Aring, Gerd"]
[Result "1-0"]
[WhiteElo "2208"]
[BlackElo "2192"]
[PlyCount "69"]
[EventDate "2016.??.??"]
[WhiteTeam "SK Schmiden/Cannstatt"]
[BlackTeam "SV Nürtingen"]

1. d4 Nf6 2. c4 g6 3. Nc3 Bg7 4. e4 d6 5. f3 O-O 6. Be3 a6 7. Nge2 c6 8. c5 b5
9. cxd6 exd6 10. Nf4 Re8 11. Qd2 Nbd7 12. Be2 Nb6 13. b3 Qe7 14. Rc1 Bb7 15.
O-O Rac8 16. Rfe1 c5 17. Bf1 Nfd7 18. Rcd1 b4 19. Ncd5 Nxd5 20. Nxd5 Bxd5 21.
exd5 Nb8 22. Bf2 Qd7 23. Rxe8+ Qxe8 24. dxc5 Bc3 25. Qe3 Qxe3 26. Bxe3 dxc5 27.
d6 a5 28. Bb5 Bd4 29. Bxd4 cxd4 30. Rxd4 Rd8 31. Kf2 Kg7 32. Ke3 Kf6 33. Ke4
Ke6 34. Bc4+ Kd7 35. Kd5 1-0

[Event "Int. Stuttgarter Stadtmeisterschaft A"]
[Site "Ditzingen"]
[Date "2016.05.08"]
[Round "7.11"]
[White "Kessler, Andreas"]
[Black "Schröder, Kevin"]
[Result "0-1"]
[WhiteElo "2128"]
[BlackElo "2361"]
[PlyCount "85"]
[EventDate "2016.??.??"]
[WhiteTeam "SG Reil-Kinheim"]
[BlackTeam "SC Hansa Dortmund"]

1. e4 e5 2. Nf3 Nc6 3. Nc3 Nf6 4. Bb5 Bc5 5. O-O d6 6. d4 exd4 7. Nxd4 Bd7 8.
Nxc6 bxc6 9. Bd3 Ng4 10. Qf3 Qh4 11. Bf4 Ne5 12. Bxe5 dxe5 13. Bc4 O-O 14. Na4
Bd6 15. Qe3 Kh8 16. g3 Qe7 17. Rfe1 f5 18. exf5 Bxf5 19. Bd3 Bd7 20. c4 Qf7 21.
c5 Be7 22. Be4 Rab8 23. Re2 Rb4 24. b3 Bg4 25. f3 Rxe4 26. Qxe4 Bxf3 27. Rf1
Bxe4 28. Rxf7 Rxf7 29. Rxe4 Rf5 30. g4 Rf4 31. Rxe5 Rxg4+ 32. Kh1 Bf8 33. Re8
Kg8 34. Rc8 Rd4 35. Nc3 Rd3 36. Ne4 Rd1+ 37. Kg2 Rd4 38. Ng5 Rg4+ 39. Kf3 Rxg5
40. b4 a5 41. a3 axb4 42. axb4 Rf5+ 43. Ke3 0-1

[Event "Int. Stuttgarter Stadtmeisterschaft A"]
[Site "Ditzingen"]
[Date "2016.05.08"]
[Round "7.12"]
[White "Wenninger, Philipp"]
[Black "Schulte, Torsten"]
[Result "1-0"]
[WhiteElo "2352"]
[BlackElo "2139"]
[PlyCount "73"]
[EventDate "2016.??.??"]
[WhiteTeam "SC Erlangen"]

1. d4 d5 2. c4 e6 3. Nc3 c6 4. Nf3 Nf6 5. Bg5 Be7 6. e3 O-O 7. Bd3 Nbd7 8. O-O
h6 9. Bh4 dxc4 10. Bxc4 Nd5 11. Bxe7 Qxe7 12. Ne4 N5b6 13. Bb3 e5 14. Ng3 exd4
15. Qxd4 Nc5 16. Bc2 Rd8 17. Qc3 Nd5 18. Qe1 Bg4 19. Nd4 Re8 20. h3 Bd7 21. e4
Nf4 22. Qe3 Nce6 23. Nxe6 Nxe6 24. Rad1 Red8 25. Rd2 c5 26. Nf5 Qf8 27. Rfd1
Bc6 28. Bb3 Rxd2 29. Rxd2 Rd8 30. Bd5 Bxd5 31. exd5 Nc7 32. Qe4 b6 33. Rd3 Qe8
34. Ne7+ Kh8 35. d6 Nb5 36. d7 Qf8 37. Nc6 1-0

[Event "Int. Stuttgarter Stadtmeisterschaft A"]
[Site "Ditzingen"]
[Date "2016.05.08"]
[Round "7.13"]
[White "Neyman, Igor"]
[Black "Gerstenberger, Heinz"]
[Result "1-0"]
[WhiteElo "2262"]
[BlackElo "2101"]
[PlyCount "73"]
[EventDate "2016.??.??"]
[WhiteTeam "Stuttgarter SF"]
[BlackTeam "Stuttgarter SF"]

1. d4 g6 2. e4 Bg7 3. Nf3 d6 4. h3 Nf6 5. Bd3 c5 6. c3 O-O 7. O-O Nc6 8. d5 Ne5
9. Bc2 Nxf3+ 10. Qxf3 a6 11. a4 b6 12. c4 Bd7 13. Nc3 Rb8 14. Bd3 Ne8 15. Qe2
e6 16. dxe6 fxe6 17. f4 Qh4 18. Kh2 Nc7 19. g3 Qf6 20. Bd2 Bc6 21. Rad1 Rbd8
22. h4 d5 23. e5 Qf7 24. b3 Ra8 25. Ra1 Bd7 26. Bc2 Rab8 27. Rfe1 Rfd8 28. Bd3
Ra8 29. Bc1 Bf8 30. g4 Kh8 31. Kg3 Bg7 32. Rh1 h5 33. Rg1 Rg8 34. Kh3 Bh6 35.
Rf1 Be8 36. Qf3 Rg7 37. g5 1-0

[Event "Int. Stuttgarter Stadtmeisterschaft A"]
[Site "Ditzingen"]
[Date "2016.05.08"]
[Round "7.14"]
[White "Schwab, Matthias"]
[Black "Ott, Florian"]
[Result "1/2-1/2"]
[WhiteElo "2126"]
[BlackElo "2255"]
[PlyCount "28"]
[EventDate "2016.??.??"]
[WhiteTeam "SC Böblingen"]
[BlackTeam "SC Forchheim"]

1. d4 Nf6 2. c4 e6 3. Nc3 Bb4 4. e3 b6 5. Nge2 Ba6 6. a3 Bxc3+ 7. Nxc3 d5 8.
Qa4+ c6 9. b3 O-O 10. Be2 Bb7 11. O-O a5 12. b4 dxc4 13. b5 Nd5 14. Qxc4 Nxc3
1/2-1/2

[Event "Int. Stuttgarter Stadtmeisterschaft A"]
[Site "Ditzingen"]
[Date "2016.05.08"]
[Round "7.15"]
[White "Germer, Philipp"]
[Black "Uso I Cubertorer, Lluis"]
[Result "1-0"]
[WhiteElo "2180"]
[BlackElo "1660"]
[PlyCount "57"]
[EventDate "2016.??.??"]
[WhiteTeam "SC Oberwinden"]

1. d4 e6 2. c4 f5 3. g3 Nf6 4. Bg2 d5 5. Nf3 c6 6. O-O Bd6 7. b3 Qe7 8. a4 Nbd7
9. Ba3 Bxa3 10. Nxa3 O-O 11. Nc2 Ne4 12. Nce1 f4 13. Nd3 fxg3 14. hxg3 Rf6 15.
Nfe5 Rh6 16. Ng4 Rg6 17. Nde5 Nxe5 18. Nxe5 Rg5 19. Bxe4 dxe4 20. Qc2 e3 21.
Kg2 exf2 22. Rxf2 b6 23. e4 c5 24. Raf1 Ba6 25. Rf7 Qe8 26. Qf2 Rxe5 27. dxe5
Rb8 28. Qf4 Qd8 29. Rxa7 1-0

[Event "Int. Stuttgarter Stadtmeisterschaft A"]
[Site "Ditzingen"]
[Date "2016.05.08"]
[Round "7.16"]
[White "Maisch, Julian"]
[Black "Gabriel, Robert"]
[Result "0-1"]
[WhiteElo "2108"]
[BlackElo "2176"]
[PlyCount "40"]
[EventDate "2016.??.??"]
[WhiteTeam "SF Kornwestheim"]
[BlackTeam "Stuttgarter SF"]

1. e4 c5 2. Nf3 e6 3. Nc3 Nc6 4. Bb5 Nge7 5. O-O a6 6. Be2 d5 7. exd5 Nxd5 8.
a4 Be7 9. h3 Nf4 10. Bc4 O-O 11. Ne4 Qc7 12. d3 b6 13. Re1 Bb7 14. Neg5 Nd4 15.
Nxd4 Bxg5 16. Ne2 Nxh3+ 17. gxh3 Qc6 18. f3 Qxf3 19. Nf4 Qg3+ 20. Kf1 Bxf4 0-1

[Event "Int. Stuttgarter Stadtmeisterschaft A"]
[Site "Ditzingen"]
[Date "2016.05.08"]
[Round "7.17"]
[White "Pflaum, Stefan"]
[Black "Hüttig, Michael"]
[Result "0-1"]
[WhiteElo "2071"]
[BlackElo "2164"]
[PlyCount "59"]
[EventDate "2016.??.??"]
[WhiteTeam "SC Botnang"]
[BlackTeam "SC Erdmannhausen"]

1. d4 Nf6 2. c4 c5 3. d5 d6 4. Nc3 g6 5. e4 Bg7 6. f4 O-O 7. Nf3 e6 8. Be2 exd5
9. cxd5 Re8 10. e5 dxe5 11. fxe5 Ng4 12. e6 fxe6 13. Bg5 Qb6 14. Qd2 exd5 15.
Nxd5 Qxb2 16. Qxb2 Bxb2 17. Rb1 Ba3 18. h3 Be6 19. Nc7 Nc6 20. Nxe8 Rxe8 21.
hxg4 Bc4 22. Rxb7 Rxe2+ 23. Kd1 Rxg2 24. Rhxh7 Be2+ 25. Ke1 Bb4+ 26. Nd2 Bxg4
27. Rbg7+ Kf8 28. Bf6 Bxd2+ 29. Kf1 Be2+ 30. Kxg2 0-1

[Event "Int. Stuttgarter Stadtmeisterschaft A"]
[Site "Ditzingen"]
[Date "2016.05.08"]
[Round "7.18"]
[White "Marzev, Ivan"]
[Black "Wenner, Tobias"]
[Result "1-0"]
[WhiteElo "1991"]
[BlackElo "2136"]
[PlyCount "67"]
[EventDate "2016.??.??"]
[WhiteTeam "SG Ludwigsburg"]
[BlackTeam "SC Eppingen"]

1. d4 f5 2. c4 Nf6 3. Nf3 g6 4. Bf4 d6 5. Nc3 Bg7 6. e3 e6 7. Qc2 Qe7 8. Be2
Nc6 9. a3 e5 10. dxe5 dxe5 11. Bg5 Qf7 12. Bxf6 Bxf6 13. Nd5 Be6 14. Nxf6+ Qxf6
15. Rd1 O-O 16. O-O a5 17. b3 Kg7 18. c5 Rfd8 19. Bc4 Bxc4 20. Qxc4 e4 21. Nd4
Ne5 22. Qb5 b6 23. cxb6 cxb6 24. Rc1 Rac8 25. Qa6 Rxc1 26. Rxc1 Rd7 27. Qc8 Qd6
28. h3 Qxa3 29. Qc3 Kh6 30. f4 exf3 31. gxf3 Qe7 32. f4 Nf7 33. Qe1 Rc7 34.
Rxc7 1-0

[Event "Int. Stuttgarter Stadtmeisterschaft A"]
[Site "Ditzingen"]
[Date "2016.05.08"]
[Round "7.19"]
[White "Martin, Dennis"]
[Black "Gustain, Marc"]
[Result "1-0"]
[WhiteElo "1928"]
[BlackElo "2133"]
[PlyCount "79"]
[EventDate "2016.??.??"]
[WhiteTeam "SK Rotenburg"]
[BlackTeam "SF Deizisau"]

1. d4 Nf6 2. Nd2 d5 3. c4 Nc6 4. Ngf3 Bg4 5. Qb3 e6 6. a3 Rb8 7. Ne5 dxc4 8.
Qxc4 Qxd4 9. Nxc6 Qxc4 10. Nxc4 bxc6 11. Bf4 Nd5 12. Bg3 f5 13. f3 Bh5 14. Be5
Bg6 15. O-O-O Kf7 16. Bxc7 Nxc7 17. Rd7+ Kf6 18. Rxc7 f4 19. Rxc6 Be7 20. e4
fxe3 21. Nxe3 Rhd8 22. Bc4 Rd6 23. Ng4+ Kg5 24. Rc7 Rd4 25. Ba2 Bd6 26. Rc3
Rxg4 27. fxg4 Bf4+ 28. Kd1 Rxb2 29. h4+ Kf6 30. Rf1 Ke5 31. Re1+ Kd6 32. Rxe6+
Kd7 33. Re2 Rb6 34. g3 Bd6 35. Be6+ Kd8 36. Bf5 Bxf5 37. gxf5 h5 38. Re6 Ra6
39. Rg6 Be5 40. Rd3+ 1-0

[Event "Int. Stuttgarter Stadtmeisterschaft A"]
[Site "Ditzingen"]
[Date "2016.05.08"]
[Round "7.20"]
[White "Wettengel, Alexander"]
[Black "Hoeschele, Hans-Ulrich"]
[Result "0-1"]
[WhiteElo "2105"]
[BlackElo "2012"]
[PlyCount "100"]
[EventDate "2016.??.??"]
[WhiteTeam "Stuttgarter SF"]
[BlackTeam "Stuttgarter SF"]

1. e4 c5 2. Nf3 d6 3. Bb5+ Bd7 4. Bxd7+ Nxd7 5. d4 cxd4 6. Qxd4 Ngf6 7. Nc3 g6
8. Bg5 Bg7 9. O-O O-O 10. Rfe1 Qb6 11. Qxb6 Nxb6 12. e5 dxe5 13. Nxe5 Rac8 14.
Rad1 Rfd8 15. Rxd8+ Rxd8 16. Nd3 Nc8 17. Re5 Kf8 18. Rc5 b6 19. Rc6 Nd6 20. Bf4
Nfe8 21. Kf1 Nb7 22. b4 Ra8 23. Nb5 Nd8 24. Rc4 Ne6 25. Be5 f6 26. Bb2 Kf7 27.
Ke2 a6 28. Nd4 b5 29. Rc6 Nd8 30. Rb6 Nd6 31. Nc6 Nxc6 32. Rxc6 a5 33. a3 axb4
34. axb4 Bf8 35. Bd4 Rb8 36. Nc5 e5 37. Bc3 Be7 38. f3 Rc8 39. Rxc8 Nxc8 40.
Nd3 Nb6 41. Be1 Ke6 42. Nb2 Kd5 43. Nd1 f5 44. Ne3+ Kc6 45. Kd3 Nd5 46. Nxd5
Kxd5 47. Bd2 Bf6 48. c3 e4+ 49. fxe4+ fxe4+ 50. Kc2 Kc4 0-1

[Event "Int. Stuttgarter Stadtmeisterschaft A"]
[Site "Ditzingen"]
[Date "2016.05.08"]
[Round "7.21"]
[White "Schönberger, Peter"]
[Black "Reichenbächer, Thomas"]
[Result "1-0"]
[WhiteElo "2088"]
[BlackElo "1990"]
[PlyCount "53"]
[EventDate "2016.??.??"]
[WhiteTeam "SCHWARMSTE"]
[BlackTeam "SVG Konstanz"]

1. e4 c6 2. d4 d5 3. e5 Bf5 4. Nf3 e6 5. Be2 c5 6. O-O Nc6 7. Be3 a6 8. dxc5
Qc7 9. c4 O-O-O 10. cxd5 Rxd5 11. Qa4 Bxb1 12. Raxb1 Qa5 13. Qxa5 Nxa5 14. b4
Nc6 15. Bc4 Rd8 16. a4 Nh6 17. Rfc1 Nf5 18. b5 axb5 19. axb5 Na5 20. Bf1 Nxe3
21. fxe3 b6 22. cxb6+ Kb7 23. Nd4 Kxb6 24. Ra1 g6 25. Rxa5 Bh6 26. Ra6+ Kb7 27.
Rc3 1-0

[Event "Int. Stuttgarter Stadtmeisterschaft A"]
[Site "Ditzingen"]
[Date "2016.05.08"]
[Round "7.22"]
[White "Gabriel, Josef"]
[Black "Schallner, Marc"]
[Result "1/2-1/2"]
[WhiteElo "2073"]
[BlackElo "1975"]
[PlyCount "59"]
[EventDate "2016.??.??"]
[WhiteTeam "Stuttgarter SF"]
[BlackTeam "SF Kornwestheim"]

1. e4 e5 2. Bc4 Nf6 3. d3 c6 4. Bb3 d5 5. Nd2 a5 6. c3 Bd6 7. Ngf3 O-O 8. O-O
Nbd7 9. Re1 Re8 10. Nf1 Nc5 11. Bc2 Bc7 12. d4 exd4 13. e5 d3 14. Bb1 Nfe4 15.
Bxd3 Nxd3 16. Qxd3 Bxe5 17. Nxe5 Rxe5 18. Bf4 Re8 19. Rad1 Bf5 20. Qd4 Qf6 21.
Qe3 Re6 22. Qc1 Rae8 23. Be3 Qg6 24. c4 dxc4 25. Qxc4 Bh3 26. Ng3 Nxg3 27. hxg3
Bf5 28. Qc5 Be4 29. Qxa5 Bd5 30. Qb4 1/2-1/2

[Event "Int. Stuttgarter Stadtmeisterschaft A"]
[Site "Ditzingen"]
[Date "2016.05.08"]
[Round "7.23"]
[White "Longo, Claudio"]
[Black "Hubel, Merten"]
[Result "1-0"]
[WhiteElo "1870"]
[BlackElo "2061"]
[PlyCount "85"]
[EventDate "2016.??.??"]
[WhiteTeam "SK Gräfelfing"]
[BlackTeam "SF Birkenfeld"]

1. d4 d5 2. Nf3 e6 3. e3 c5 4. b3 cxd4 5. exd4 Nc6 6. Bd3 Nf6 7. a3 a6 8. O-O
Bd6 9. Bb2 b5 10. Nbd2 O-O 11. Ne5 Qb6 12. Nxc6 Qxc6 13. Qe2 Bb7 14. f4 Ne4 15.
f5 Qc7 16. Nxe4 dxe4 17. Bxe4 exf5 18. Bxb7 Qxb7 19. Rxf5 Rae8 20. Qd3 Re6 21.
Raf1 Rh6 22. g3 f6 23. Qf3 Qxf3 24. R1xf3 Re8 25. Rf2 Re1+ 26. Kg2 Be7 27. Rd5
Kf7 28. Rd7 f5 29. Rb7 Rd1 30. c4 Re6 31. d5 Ree1 32. Rxf5+ Kg6 33. Rf2 bxc4
34. bxc4 Kh6 35. Rf7 Rd2+ 36. Kh3 Bf6 37. Bxf6 gxf6 38. Rxf6+ Kg5 39. Rf4 h5
40. Rbf7 Ree2 41. R4f5+ Kg6 42. R7f6+ Kg7 43. Kh4 1-0

[Event "Int. Stuttgarter Stadtmeisterschaft A"]
[Site "Ditzingen"]
[Date "2016.05.08"]
[Round "7.24"]
[White "Büter, Norbert"]
[Black "Frühsorger, Dieter"]
[Result "0-1"]
[WhiteElo "2053"]
[BlackElo "1907"]
[PlyCount "56"]
[EventDate "2016.??.??"]
[WhiteTeam "SpVgg Rommelshausen"]
[BlackTeam "SK Schwäbisch Hall"]

1. d4 Nf6 2. c4 g6 3. Nc3 d5 4. cxd5 Nxd5 5. Bd2 Bg7 6. e4 Nb6 7. Be3 O-O 8. h3
Nc6 9. Nf3 Na5 10. b3 c5 11. Rc1 cxd4 12. Nxd4 Bd7 13. Be2 Rc8 14. O-O Nc6 15.
Qd2 Nxd4 16. Bxd4 Bxh3 17. Nd5 Rxc1 18. Rxc1 Nxd5 19. Bxg7 Kxg7 20. exd5 Bf5
21. Bf3 Qb6 22. g4 Bd7 23. Kg2 Kg8 24. Qh6 f5 25. d6 fxg4 26. dxe7 gxf3+ 27.
Kg1 Re8 28. Qh4 Qe6 0-1

[Event "Int. Stuttgarter Stadtmeisterschaft A"]
[Site "Ditzingen"]
[Date "2016.05.08"]
[Round "7.25"]
[White "Jurasin, Marin"]
[Black "Merk, Daniel"]
[Result "1/2-1/2"]
[WhiteElo "2039"]
[BlackElo "1864"]
[PlyCount "114"]
[EventDate "2016.??.??"]
[WhiteTeam "SG Schönbuch"]
[BlackTeam "Schach-Pinguine Sulzbach"]

1. Nf3 Nf6 2. c4 c5 3. Nc3 d5 4. cxd5 Nxd5 5. g3 Nc7 6. Bg2 Nc6 7. O-O e5 8. d3
Be7 9. Ne1 Bd7 10. f4 exf4 11. Bxf4 Ne6 12. Bd2 O-O 13. Rc1 Rc8 14. Nd5 b6 15.
a3 a5 16. Nc2 Ncd4 17. Nxd4 Nxd4 18. e3 Ne6 19. Bc3 Bc6 20. Qb3 Bg5 21. Rce1 b5
22. e4 a4 23. Qa2 Bxd5 24. exd5 Nd4 25. Bxd4 cxd4 26. Qb1 Be3+ 27. Kh1 Qc7 28.
Re2 f5 29. Qe1 f4 30. Qb4 fxg3 31. Rxf8+ Rxf8 32. d6 Qd7 33. Rc2 Qf5 34. d7
Qxd7 35. Qc5 Rd8 36. Qb6 Rf8 37. Qc5 Rd8 38. hxg3 Qe6 39. Kh2 g5 40. Qc6 Qf7
41. Bh3 Re8 42. Qxb5 Qh5 43. Qd5+ Kh8 44. Qf5 Kg8 45. Qg4 Qxg4 46. Bxg4 Rb8 47.
Bd7 Ra8 48. Kg2 Kg7 49. Kf3 Kf6 50. Ke4 h5 51. Rh2 Ra7 52. Bc6 Ra5 53. Rxh5
Re5+ 54. Kf3 Rf5+ 55. Kg4 Rf2 56. Bxa4 Rxb2 57. Bc6 Rb3 1/2-1/2